00815cam a22002411 450000100060000000300080000600500170001400800410003103500190007203500190009104000380011004100080014808200180015610000400017424500530021426000400026730000290030750400370033665100290037394200120040299900170041495201420043128099BD-RjUL20211209051234.0140329s1953 nyua b 001 0 eng d a(BD-RjUL)28180 a(OCoLC)1382478 aDLCcFOdOCoLCdDLCdBD-RjULbeng aeng00a973bDAA 19531 aDavis, Harold Eugene,d1902-98614714aThe Americas in history /c Harold Eugene Davis. aNew York :bRonald Press Co.c1953. a878 p. :bill. ;c24 cm. aIncludes bibliography. and Index 0aAmericaxHistory.986148 2ddccBK c28099d28099 00102ddc40728NFICaRUCLbRUCLcReadingd1956-09-26eU. S. I .S. Dhaka Giftl0o973 DAA 1953r2014-03-29 00:00:00tC-1w2014-03-29yBK